Women, politics, and power : (Record no. 50335)

MARC details
000 -LEADER
campo de control de longitud fija 02211cam a2200457Ma 4500
001 - NÚMERO DE CONTROL
campo de control 58503
005 - FECHA Y HORA DE LA ÚLTIMA TRANSACCIÓN
campo de control 20230410120717.0
008 - DATOS DE LONGITUD FIJA--INFORMACIÓN GENERAL
campo de control de longitud fija 060505s2007 cauab b 001 0 eng d
010 ## - NÚMERO DE CONTROL DE LA BIBLIOTECA DEL CONGRESO
Número de control de LC 2006030147
035 ## - NÚMERO DE CONTROL DEL SISTEMA
Número de control de sistema (OCoLC)ocn191858461
040 ## - FUENTE DE CATALOGACIÓN
Centro catalogador/agencia de origen LVB
Lengua de catalogación fre
Centro/agencia transcriptor LVB
Centro/agencia modificador BAKER
015 ## - NÚMERO DE BIBLIOGRAFÍA NACIONAL
Número de bibliografía nacional GBA6A6360
Fuente bnb
016 7# - NÚMERO DE CONTROL DE UNA AGENCIA BIBLIOGRÁFICA NACIONAL
Número de control del registro 013629701
Fuente Uk
020 ## - NÚMERO INTERNACIONAL ESTÁNDAR DEL LIBRO
Número Internacional Estándar del Libro 9781412927420 (pbk.)
020 ## - NÚMERO INTERNACIONAL ESTÁNDAR DEL LIBRO
Número Internacional Estándar del Libro 1412927420 (pbk.)
035 ## - NÚMERO DE CONTROL DEL SISTEMA
Número de control de sistema (OCoLC)191858461
050 14 - SIGNATURA TOPOGRÁFICA DE LA BIBLIOTECA DEL CONGRESO
Número de clasificación HQ1236
Número de ítem .P342w 2007
082 00 - NÚMERO DE LA CLASIFICACIÓN DECIMAL DEWEY
Número de clasificación 324.082
Número de edición 22
100 1# - ENTRADA PRINCIPAL--NOMBRE DE PERSONA
Nombre de persona Paxton, Pamela Marie.
245 10 - MENCIÓN DEL TÍTULO
Título Women, politics, and power :
Resto del título a global perspective /
Mención de responsabilidad, etc. Pamela Paxton, Melanie M. Hughes.
260 ## - PUBLICACIÓN, DISTRIBUCIÓN, ETC.
Lugar de publicación, distribución, etc. Los Angeles :
Nombre del editor, distribuidor, etc. Pine Forge Press,
Fecha de publicación, distribución, etc. c2007.
300 ## - DESCRIPCIÓN FÍSICA
Extensión xvi, 379 p. :
Otras características físicas ill., cartes.
490 1# - MENCIÓN DE SERIE
Mención de serie Sociology for a new century series
504 ## - NOTA DE BIBLIOGRAFÍA, ETC.
Nota de bibliografía, etc. Bibliogr.: p. 318-348.
505 8# - NOTA DE CONTENIDO CON FORMATO
Nota de contenido con formato Introduction to women in politics -- Women struggle for the vote : the history of women's suffrage -- Women struggle for representation : accessing positions of power -- Explaining the political representation of women- culture and social structure -- Explaining the political representation of women- politics -- Explaining the political representation of women- overarching factors -- Do women make a difference? -- All regions are not created equal -- Middle of the pack : women and politics in the United States -- Where do we go from here? and how do we get there?
650 #6 - PUNTO DE ACCESO ADICIONAL DE MATERIA--TÉRMINO DE MATERIA
Término de materia o nombre geográfico como elemento de entrada Femmes en politique.
650 #6 - PUNTO DE ACCESO ADICIONAL DE MATERIA--TÉRMINO DE MATERIA
Término de materia o nombre geográfico como elemento de entrada Femmes en politique
Subdivisión de forma âEtudes transculturelles.
650 #6 - PUNTO DE ACCESO ADICIONAL DE MATERIA--TÉRMINO DE MATERIA
Término de materia o nombre geográfico como elemento de entrada Gouvernement reprâesentatif.
650 #6 - PUNTO DE ACCESO ADICIONAL DE MATERIA--TÉRMINO DE MATERIA
Término de materia o nombre geográfico como elemento de entrada Sociologie.
650 #6 - PUNTO DE ACCESO ADICIONAL DE MATERIA--TÉRMINO DE MATERIA
Término de materia o nombre geográfico como elemento de entrada Sociologie
Subdivisión de forma âEtudes transculturelles.
650 #6 - PUNTO DE ACCESO ADICIONAL DE MATERIA--TÉRMINO DE MATERIA
Término de materia o nombre geográfico como elemento de entrada étudiants bénévoles en service social
Subdivisión geográfica états-Unis.
650 #6 - PUNTO DE ACCESO ADICIONAL DE MATERIA--TÉRMINO DE MATERIA
Término de materia o nombre geográfico como elemento de entrada Sociologie
Subdivisión general étude et enseignement (Supérieur)
Subdivisión geográfica états-Unis.
700 1# - ENTRADA AGREGADA--NOMBRE PERSONAL
Nombre de persona Hughes, Melanie M.
830 #0 - PUNTO DE ACCESO ADICIONAL DE SERIE-TÍTULO UNIFORME
Título uniforme Sociology for a new century.
856 41 - LOCALIZACIÓN Y ACCESO ELECTRÓNICOS
Materiales especificados Table des matiáeres
Identificador Uniforme de Recursos <a href="http://www.loc.gov/catdir/toc/ecip0620/2006030147.html">http://www.loc.gov/catdir/toc/ecip0620/2006030147.html</a>
856 42 - LOCALIZACIÓN Y ACCESO ELECTRÓNICOS
Materiales especificados Mas?... busque en WorldCat (solo desde FUNGLODE)
Identificador Uniforme de Recursos <a href="www.firstsearch.oclc.org/fsip">www.firstsearch.oclc.org/fsip</a>
938 ## -
-- Baker & Taylor
-- BKTY
-- 37.95
-- 37.95
-- 1412927420
-- 0006940605
-- active
942 ## - ELEMENTOS DE ENTRADA SECUNDARIOS (KOHA)
Fuente del sistema de clasificación o colocación Clasificación de Library of Congress
Tipo de ítem Koha
946 ## - PROCESAMIENTO DE INFORMACIÓN LOCAL (OCLC)
a mfcruz
994 ## -
-- C0
-- DRFGD
Holdings
Estatus retirado Estado de pérdida Fuente del sistema de clasificación o colocación Estado de daño No para préstamo Colección Biblioteca de origen Biblioteca actual Ubicación en estantería Fecha de adquisición Serial enumeration / chronology Signatura topográfica completa Código de barras Visto por última vez Copia número Tipo de ítem Koha
    Clasificación de Library of Congress     Ciencias Sociales Biblioteca Juan Bosch Biblioteca Juan Bosch Ciencias Sociales (3er. Piso) 10/04/2023 3 HQ1236 .P342w 2007 00000059193 24/10/2018 1  
    Clasificación de Library of Congress     Ciencias Sociales Biblioteca Juan Bosch Biblioteca Juan Bosch Ciencias Sociales (3er. Piso) 10/04/2023 3 HQ1236 .P342w 2007 00000059188 24/10/2018 1